| 000 | 00983cam a22002653a 4500 | ||
|---|---|---|---|
| 001 | 14760 | ||
| 003 | PGUSA | ||
| 005 | 20140828083321.0 | ||
| 008 | 050122s2005||||xxu|||||s|||||000 | eng d | ||
| 040 |
_aPGUSA _beng |
||
| 042 | _adc | ||
| 050 | 4 | _aHQ | |
| 100 | 1 | _aNew Zealand. Special Committee on Moral Delinquency in Children and Adolescents | |
| 245 | 1 | 0 |
_aReport of the Special Committee on Moral Delinquency in Children and Adolescents _h[electronic resource] / _cNew Zealand. Special Committee on Moral Delinquency in Children and Adolescents |
| 260 |
_bProject Gutenberg, _c2005 |
||
| 506 | _aPublic domain in the USA. | ||
| 516 | _aElectronic text | ||
| 653 | _aYouth -- Sexual behavior -- New Zealand | ||
| 653 | _aJuvenile delinquency -- New Zealand | ||
| 700 | 1 |
_aMazengarb, O. C. _q(Oswald Chettle), _d1890-1963 |
|
| 740 | 0 | _aThe Mazengarb Report (1954) | |
| 830 | 0 |
_aProject Gutenberg _v14760 |
|
| 856 | 4 | 0 | _uhttp://www.gutenberg.org/ebooks/14760 |
| 942 | _cEB | ||
| 999 |
_c244015 _d244015 |
||